[Event "FRA T.IV"]
[Site "Toulouse"]
[Date "2005.02.06"]
[Round "?"]
[White "Lacomme, Christophe"]
[Black "Seguelong, Patrick"]
[Result "1-0"]
[WhiteElo "1940"]
[BlackElo "1510"]
[PlyCount "83"]
[EventDate "2005.??.??"]
[EventType "team-match"]
[EventCountry "FRA"]

1. d4 d5 2. Bf4 Nf6 3. e3 e6 4. Bd3 Bd6 5. Bg3 c6 6. Nd2 O-O 7. c3 Re8 8. Ngf3
c5 9. Qc2 b6 10. Ne5 Bb7 11. Bb5 Rf8 12. Bd3 a6 13. Bh4 g6 14. f4 Be7 15. g4 c4
16. Be2 Nbd7 17. Nxd7 Nxd7 18. Bxe7 Qxe7 19. h4 Kg7 20. Bf3 f5 21. g5 Rh8 22.
Nxc4 Rac8 23. Nd2 b5 24. a3 Nb6 25. Ke2 Qc7 26. Rh3 Bc6 27. Rah1 Be8 28. Nb3
Qc4+ 29. Kf2 Qa4 30. Bd1 Nd7 31. Qd2 Qc4 32. Nc1 Qc7 33. h5 Bf7 34. Kg3 a5 35.
Qh2 b4 36. axb4 axb4 37. hxg6 Bxg6 38. Bh5 Qb8 39. Bxg6 hxg6 40. Rh7+ Rxh7 41.
Qxh7+ Kf8 42. Qxd7 1-0

[Event "FRA T.IV"]
[Site "Toulouse"]
[Date "2005.04.04"]
[Round "?"]
[White "Lacroix, Romain"]
[Black "Eb Levadoux, Yvan"]
[Result "0-1"]
[WhiteElo "2068"]
[BlackElo "1800"]
[PlyCount "78"]
[EventDate "2005.??.??"]
[EventType "team-match"]
[EventCountry "FRA"]

1. e4 c5 2. Nf3 Nc6 3. d4 cxd4 4. Nxd4 Nf6 5. Nc3 e5 6. Ndb5 d6 7. Bg5 a6 8.
Na3 b5 9. Nd5 Be6 10. Bxf6 gxf6 11. c3 Bg7 12. Nc2 Bxd5 13. Qxd5 Ne7 14. Qd2
Qb6 15. Be2 a5 16. Na3 O-O 17. Nxb5 Rfd8 18. c4 f5 19. exf5 Nxf5 20. Bf3 Rac8
21. Bg4 Rxc4 22. Bxf5 Qxb5 23. Bd3 Qc6 24. Bxc4 Qxc4 25. f3 Rb8 26. b3 Qc5 27.
Rc1 Qb6 28. Rc4 Rd8 29. Qf2 Qb5 30. O-O d5 31. Rg4 Rd7 32. Re1 d4 33. Qc2 Qb6
34. Rxe5 d3+ 35. Kh1 Kf8 36. Qd2 Bxe5 37. Qg5 d2 38. Qg8+ Ke7 39. Qg5+ Qf6 0-1

[Event "FRA T.IV"]
[Site "Toulouse"]
[Date "2005.04.03"]
[Round "?"]
[White "Langlois, Jerome"]
[Black "Condeminas, Christian"]
[Result "1-0"]
[WhiteElo "1920"]
[BlackElo "1750"]
[PlyCount "47"]
[EventDate "2005.??.??"]
[EventType "team-match"]
[EventCountry "FRA"]

1. e4 e6 2. Nf3 b6 3. d4 Bb7 4. Nc3 Nf6 5. Bd3 c5 6. O-O cxd4 7. Nxd4 Bb4 8.
Bg5 Bxc3 9. bxc3 h6 10. Bxf6 gxf6 11. Nb5 Ke7 12. Bc4 d6 13. Qe2 a6 14. Nd4 Qc7
15. Rad1 Nd7 16. Rd2 Ne5 17. Bb3 Qxc3 18. Rfd1 Rad8 19. f4 Ng6 20. Nf5+ exf5
21. exf5+ Kf8 22. fxg6 Qc5+ 23. Kh1 fxg6 24. Qe6 1-0

[Event "FRA T.IV"]
[Site "Toulouse"]
[Date "2005.03.13"]
[Round "?"]
[White "Langlois, Jerome"]
[Black "Devecchi, Jorge"]
[Result "1-0"]
[WhiteElo "1920"]
[BlackElo "1740"]
[PlyCount "100"]
[EventDate "2005.??.??"]
[EventType "team-match"]
[EventCountry "FRA"]

1. e4 e5 2. Bc4 Nf6 3. Nc3 Bc5 4. Nf3 Nxe4 5. Nxe4 d5 6. Nxc5 dxc4 7. Qe2 O-O
8. Qxc4 b6 9. Nb3 e4 10. Nfd4 c5 11. Nb5 Be6 12. Qc3 Nc6 13. O-O a6 14. Na3 Qg5
15. d4 Qg6 16. dxc5 b5 17. Qg3 Qh5 18. Bf4 Bxb3 19. cxb3 Nd4 20. Qg5 Ne2+ 21.
Kh1 Nxf4 22. Qxf4 Qxc5 23. Qxe4 Rfe8 24. Rac1 Qg5 25. Qc6 h6 26. Qc5 Qd2 27.
Rc2 Re1 28. Rc1 Rae8 29. g3 Rxf1+ 30. Rxf1 Qxb2 31. Rd1 Qxa2 32. Qc6 Re6 33.
Qc8+ Kh7 34. Qc2+ Qxc2 35. Nxc2 Re2 36. Nb4 a5 37. Nc6 a4 38. bxa4 bxa4 39. Kg2
a3 40. Ra1 Rc2 41. Nd8 a2 42. Nxf7 Kg6 43. Ne5+ Kf5 44. Nd3 Ke4 45. Nb4 Rb2 46.
Nxa2 Kd3 47. Nc1+ Kc2 48. h4 h5 49. Kf1 g6 50. Ne2 Kd3 1-0

[Event "FRA T.IV"]
[Site "Toulouse"]
[Date "2005.02.06"]
[Round "?"]
[White "Lanllier, Bruno"]
[Black "Hantisse, Alain"]
[Result "1/2-1/2"]
[WhiteElo "2060"]
[BlackElo "1910"]
[PlyCount "69"]
[EventDate "2005.??.??"]
[EventType "team-match"]
[EventCountry "FRA"]

1. d4 Nf6 2. c4 g6 3. Nc3 Bg7 4. e4 d6 5. Nge2 O-O 6. f3 e5 7. Bg5 Nc6 8. d5
Ne7 9. Qd2 Kh8 10. Ng3 Nfg8 11. Bd3 f6 12. Be3 f5 13. exf5 Nxf5 14. Bg5 Bf6 15.
Bxf6+ Qxf6 16. Bxf5 gxf5 17. O-O-O Qh6 18. Rde1 Qxd2+ 19. Kxd2 Bd7 20. Re2 Nf6
21. c5 f4 22. Nge4 Bf5 23. Nxf6 Rxf6 24. g4 fxg3 25. hxg3 a6 26. cxd6 cxd6 27.
Reh2 Bg6 28. Ne4 Rxf3 29. Nxd6 Rd3+ 30. Ke2 Rxd5 31. Nf7+ Kg7 32. Ng5 e4 33.
Ne6+ Kf6 34. Nf4 Rg5 35. Rf1 1/2-1/2

[Event "FRA T.IV"]
[Site "Toulouse"]
[Date "2005.04.03"]
[Round "?"]
[White "Lavolle, Olivier"]
[Black "Thet, Sylvain"]
[Result "0-1"]
[WhiteElo "1810"]
[BlackElo "1780"]
[PlyCount "70"]
[EventDate "2005.??.??"]
[EventType "team-match"]
[EventCountry "FRA"]

1. e4 c5 2. c4 d6 3. Nc3 Nf6 4. Nf3 Qa5 5. Be2 Nc6 6. O-O e5 7. d3 Be7 8. Bd2
O-O 9. Nd5 Qd8 10. Ne1 Nxd5 11. cxd5 Nd4 12. f4 exf4 13. Bxf4 f5 14. Nc2 Bf6
15. Nxd4 Bxd4+ 16. Kh1 Bxb2 17. Rb1 Bd4 18. Qd2 b6 19. Be3 Bxe3 20. Qxe3 Qe7
21. Rbe1 Bb7 22. Bf3 Rae8 23. Qd2 Qh4 24. exf5 Rxe1 25. Qxe1 Qxe1 26. Rxe1 Rxf5
27. Bg4 Rf2 28. Bf3 Rxa2 29. Kg1 Rd2 30. Ra1 a6 31. Be4 b5 32. Re1 b4 33. Bf5
Bxd5 34. Be6+ Bxe6 35. Rxe6 Rxd3 0-1

[Event "FRA T.IV"]
[Site "Toulouse"]
[Date "2005.??.??"]
[Round "?"]
[White "Le Gallen, Luc"]
[Black "Benmesbah, Stephane"]
[Result "0-1"]
[WhiteElo "2120"]
[BlackElo "2227"]
[PlyCount "72"]
[EventDate "2005.??.??"]
[EventType "team-match"]
[EventCountry "FRA"]

1. d4 Nf6 2. Nf3 g6 3. c4 Bg7 4. Nc3 O-O 5. Bg5 d6 6. e3 h6 7. Bh4 g5 8. Bg3
Nh5 9. Qc2 Nd7 10. Be2 e6 11. Rd1 f5 12. c5 Ndf6 13. Bc4 Qe7 14. O-O Ng4 15.
cxd6 cxd6 16. Nb5 Nxg3 17. hxg3 Bd7 18. Qb3 d5 19. Bd3 h5 20. Rc1 Bc6 21. Qa3
Qf6 22. Nc7 Rad8 23. Nxg5 Qxg5 24. Nxe6 Qf6 25. Nxd8 Qxd8 26. Be2 a6 27. Bxa6
h4 28. Be2 hxg3 29. Bxg4 gxf2+ 30. Rxf2 fxg4 31. Rxf8+ Bxf8 32. Qd3 Qg5 33. Rf1
Bh6 34. Rf4 Bd7 35. g3 Qh5 36. Rf2 Qe8 0-1

[Event "FRA T.IV"]
[Site "Toulouse"]
[Date "2005.04.04"]
[Round "?"]
[White "Le Gallen, Luc"]
[Black "Lanllier, Bruno"]
[Result "1-0"]
[WhiteElo "2100"]
[BlackElo "2060"]
[PlyCount "69"]
[EventDate "2005.??.??"]
[EventType "team-match"]
[EventCountry "FRA"]

1. d4 Nf6 2. Nf3 g6 3. c4 Bg7 4. Nc3 d6 5. Bg5 O-O 6. e3 c5 7. Be2 h6 8. Bh4 g5
9. Bg3 Nh5 10. Qd3 Nxg3 11. hxg3 f5 12. dxc5 dxc5 13. Qxd8 Rxd8 14. Nd5 Nc6 15.
O-O-O Bd7 16. Rd2 e6 17. Nc7 Rab8 18. Rhd1 g4 19. Nh4 Ne5 20. Nxe6 Bxe6 21.
Rxd8+ Rxd8 22. Rxd8+ Kf7 23. Rb8 Kf6 24. Rxb7 Nxc4 25. Nxf5 Bxf5 26. Bxc4 Be4
27. Rxa7 Bxg2 28. Rc7 h5 29. a4 Kg6 30. a5 Be5 31. Rxc5 Bd6 32. Rb5 h4 33. gxh4
Bh2 34. Rg5+ Kf6 35. Rxg4 1-0

[Event "FRA T.IV"]
[Site "Toulouse"]
[Date "2005.03.15"]
[Round "?"]
[White "Le Ligeour, Yann"]
[Black "Montreuille, Pierre"]
[Result "1-0"]
[WhiteElo "1610"]
[BlackElo "1600"]
[PlyCount "47"]
[EventDate "2005.??.??"]
[EventType "team-match"]
[EventCountry "FRA"]

1. e4 c5 2. Nf3 d6 3. d4 cxd4 4. Nxd4 a6 5. Nc3 g6 6. Be3 Bg7 7. Bc4 Nf6 8. f3
O-O 9. Qd2 Qc7 10. Bb3 Nc6 11. Nxc6 bxc6 12. Bh6 Bb7 13. Bxg7 Kxg7 14. h4 Qa5
15. g4 Nd7 16. h5 Ne5 17. Qf4 g5 18. Qxg5+ Kh8 19. Qxe7 Qb6 20. Qf6+ Kg8 21.
Qf4 Rae8 22. h6 Ng6 23. Qf6 Qe3+ 24. Ne2 1-0

[Event "FRA T.IV"]
[Site "Toulouse"]
[Date "2005.04.04"]
[Round "?"]
[White "Lecoultre, Patrick"]
[Black "Klinchand, Didier"]
[Result "0-1"]
[WhiteElo "1753"]
[BlackElo "1956"]
[PlyCount "46"]
[EventDate "2005.??.??"]
[EventType "team-match"]
[EventCountry "FRA"]

1. d4 Nf6 2. Nf3 e6 3. c4 c5 4. d5 b5 5. dxe6 fxe6 6. Qc2 bxc4 7. e4 Bb7 8. Nc3
d5 9. exd5 exd5 10. Bf4 Be7 11. Rd1 Qc8 12. Nb5 Na6 13. Be2 O-O 14. O-O Qc6 15.
a4 Nb4 16. Qf5 Ne4 17. Qe5 Bf6 18. Qc7 Bxb2 19. Qxc6 Bxc6 20. Nc7 Rxf4 21. Nxa8
Bxa8 22. Bxc4 dxc4 23. Ne5 Bxe5 0-1

[Event "FRA T.IV"]
[Site "Toulouse"]
[Date "2005.03.13"]
[Round "?"]
[White "Lemoine, Benoit"]
[Black "Mesples, Jean Marc"]
[Result "1-0"]
[WhiteElo "2150"]
[BlackElo "2060"]
[PlyCount "63"]
[EventDate "2005.??.??"]
[EventType "team-match"]
[EventCountry "FRA"]

1. e4 e5 2. Nf3 Nc6 3. Bb5 a6 4. Ba4 Nf6 5. O-O Be7 6. Re1 b5 7. Bb3 O-O 8. c3
d5 9. exd5 Nxd5 10. Nxe5 Nxe5 11. Rxe5 c6 12. d4 Bd6 13. Re2 Qh4 14. g3 Qh3 15.
Qf1 Qh5 16. f3 Bh3 17. Qf2 Rae8 18. a4 f5 19. axb5 axb5 20. Ra6 Rxe2 21. Qxe2
Re8 22. Qf2 Re6 23. Rxc6 f4 24. Rc8+ Kf7 25. g4 Qg5 26. Nd2 Bxg4 27. fxg4 Qxg4+
28. Kh1 Qf5 29. Nf3 Qe4 30. Qg2 h6 31. Ng5+ hxg5 32. Qxe4 1-0

[Event "FRA T.IV"]
[Site "Toulouse"]
[Date "2005.04.03"]
[Round "?"]
[White "Lemoine, Benoit"]
[Black "Szitas, Gabor"]
[Result "0-1"]
[WhiteElo "2152"]
[BlackElo "2195"]
[PlyCount "90"]
[EventDate "2005.??.??"]
[EventType "team-match"]
[EventCountry "FRA"]

1. e4 e5 2. Nf3 Nc6 3. Bb5 a6 4. Ba4 Nf6 5. O-O Be7 6. Re1 b5 7. Bb3 O-O 8. c3
d5 9. exd5 Nxd5 10. Nxe5 Nxe5 11. Rxe5 c6 12. d4 Bd6 13. Re2 Qh4 14. g3 Qh3 15.
Qf1 Qh5 16. f3 Bf5 17. Re1 Rae8 18. Nd2 Bd3 19. Qf2 Nf6 20. Bd1 Rxe1+ 21. Qxe1
Re8 22. Ne4 Nxe4 23. fxe4 Rxe4 24. Bxh5 Rxe1+ 25. Kf2 Rh1 26. h4 Be4 27. Be2 f5
28. a4 Rh2+ 29. Ke3 Bxg3 30. axb5 Bxh4 31. d5 c5 32. Kf4 Rxe2 33. bxa6 Bxd5 34.
Kxf5 Re4 35. Bf4 g6+ 36. Kg4 g5 37. Rf1 Rxf4+ 38. Rxf4 gxf4 39. Kxh4 c4 40. Kg4
f3 41. Kg3 h5 42. a7 h4+ 43. Kf2 h3 44. Kg3 Kg7 45. b4 h2 0-1

[Event "FRA T.IV"]
[Site "Toulouse"]
[Date "2005.02.06"]
[Round "?"]
[White "Lopez, Jacky"]
[Black "Fourcade, Philippe"]
[Result "1/2-1/2"]
[WhiteElo "1540"]
[BlackElo "1720"]
[PlyCount "55"]
[EventDate "2005.??.??"]
[EventType "team-match"]
[EventCountry "FRA"]

1. d4 d5 2. c4 c6 3. Nf3 e6 4. a3 Nf6 5. Bg5 Be7 6. e3 h6 7. Bxf6 Bxf6 8. Nc3
O-O 9. Be2 Nd7 10. O-O Qc7 11. cxd5 exd5 12. Rc1 a6 13. Nxd5 Qd6 14. Nc3 Bd8
15. Ne4 Qe7 16. Ng3 Nb6 17. Bd3 f5 18. Ne2 Bc7 19. Re1 Kh8 20. Nf4 Bxf4 21.
exf4 Qf6 22. Ne5 Be6 23. Bc4 Nxc4 24. Nxc4 Rad8 25. Ne5 Kh7 26. b4 Rd6 27. Re3
Rfd8 28. Rd3 1/2-1/2

[Event "FRA T.IV"]
[Site "Toulouse"]
[Date "2005.04.05"]
[Round "?"]
[White "Lopez, Jacky"]
[Black "Vainguer, Guillaume"]
[Result "0-1"]
[WhiteElo "1540"]
[BlackElo "1730"]
[PlyCount "84"]
[EventDate "2005.??.??"]
[EventType "team-match"]
[EventCountry "FRA"]

1. d4 d5 2. c4 dxc4 3. Nc3 g6 4. Bf4 Bg7 5. e3 Nf6 6. Bxc4 Bf5 7. Nf3 O-O 8.
O-O c6 9. a4 Nbd7 10. Bd3 Be6 11. b4 Nh5 12. Bg3 Nxg3 13. fxg3 Nb6 14. Rb1 Bg4
15. Qd2 Nd5 16. Nxd5 Qxd5 17. Kh1 Rad8 18. Rbc1 e5 19. e4 Qd6 20. b5 cxb5 21.
Bxb5 Bxf3 22. Rxf3 Qxd4 23. Rd3 Qb6 24. Bd7 h5 25. Rd1 Kh7 26. Qe2 Qf6 27. Qf3
Kh6 28. Qxf6 Bxf6 29. Kg1 Be7 30. Rd5 f6 31. Kf1 b6 32. Ke2 Bc5 33. h4 Bd4 34.
Rc1 Bc5 35. Rcd1 Bd4 36. Rc1 f5 37. exf5 Rxf5 38. Bxf5 Rxd5 39. Rc6 e4 40.
Rxg6+ Kh7 41. Rd6+ Rxf5 42. Rxd4 Kg6 0-1

[Event "FRA T.IV"]
[Site "Toulouse"]
[Date "2005.04.04"]
[Round "?"]
[White "Luneau, Gilles"]
[Black "Pokee, Anne Josephe"]
[Result "1/2-1/2"]
[WhiteElo "1950"]
[BlackElo "1991"]
[PlyCount "82"]
[EventDate "2005.??.??"]
[EventType "team-match"]
[EventCountry "FRA"]

1. c4 e5 2. g3 Nf6 3. Bg2 c6 4. Nf3 d6 5. Nc3 Be7 6. O-O O-O 7. d3 Bg4 8. h3
Bd7 9. a3 Qc8 10. Kh2 Na6 11. b4 Nc7 12. Bb2 Re8 13. Qb3 Bf8 14. Rac1 Ne6 15.
e3 Nc7 16. Nd2 Bf5 17. Nde4 Nxe4 18. Nxe4 h6 19. Nd2 a5 20. e4 Be6 21. Qc2 axb4
22. axb4 b5 23. Ra1 Qb7 24. Bc3 f6 25. Ra5 Ra6 26. Rfa1 Rea8 27. Qb2 Qb6 28.
Kg1 Be7 29. Bf1 Bd8 30. Rxa6 Rxa6 31. Rxa6 Qxa6 32. Qa1 Qxa1 33. Bxa1 d5 34.
cxd5 cxd5 35. d4 Be7 36. dxe5 Bxb4 37. Nf3 dxe4 38. Nd4 Bc4 39. exf6 Bxf1 40.
Kxf1 gxf6 41. Nf5 Kh7 1/2-1/2

[Event "FRA T.IV"]
[Site "Toulouse"]
[Date "2005.03.15"]
[Round "?"]
[White "Luneau, Gilles"]
[Black "Surre, Frederic"]
[Result "1/2-1/2"]
[WhiteElo "1950"]
[BlackElo "1890"]
[PlyCount "76"]
[EventDate "2005.??.??"]
[EventType "team-match"]
[EventCountry "FRA"]

1. c4 Nf6 2. g3 g6 3. Bg2 Bg7 4. Nc3 O-O 5. Nf3 d6 6. O-O Nc6 7. a3 e5 8. d3
Ne7 9. Rb1 c6 10. e4 Nd7 11. Bg5 h6 12. Be3 b6 13. b4 Bb7 14. Qd2 Kh7 15. Nh4
Nf6 16. Qc2 Qc8 17. Rbc1 d5 18. cxd5 cxd5 19. exd5 Bxd5 20. Nxd5 Nfxd5 21. Qb3
Qd7 22. Rc2 Rac8 23. Rfc1 Rxc2 24. Rxc2 Nxe3 25. fxe3 Rc8 26. Be4 Rxc2 27. Qxc2
f5 28. Bg2 Qc8 29. Qxc8 Nxc8 30. b5 Nd6 31. a4 Bf6 32. Nf3 Kg7 33. Nd2 Kf7 34.
Kf2 Ke6 35. e4 fxe4 36. Nxe4 Nxe4+ 37. Bxe4 g5 38. g4 Be7 1/2-1/2

[Event "FRA T.IV"]
[Site "Toulouse"]
[Date "2005.03.13"]
[Round "?"]
[White "Mania, Clement"]
[Black "Esteve, Jean"]
[Result "1-0"]
[WhiteElo "1960"]
[BlackElo "1720"]
[PlyCount "53"]
[EventDate "2005.??.??"]
[EventType "team-match"]
[EventCountry "FRA"]

1. d4 Nf6 2. Nc3 e6 3. e4 Bb4 4. e5 Nd5 5. Qg4 g6 6. a3 Be7 7. Bh6 Bf8 8. Bg5
Be7 9. Bh6 Bf8 10. Nxd5 exd5 11. Bxf8 Kxf8 12. O-O-O d6 13. Qf4 dxe5 14. Qh6+
Kg8 15. dxe5 c6 16. Bd3 Qe7 17. Nf3 Nd7 18. h4 Nxe5 19. Nxe5 Qf6 20. Rde1 Bf5
21. Bxf5 Qxf5 22. g4 Qf6 23. h5 Rd8 24. hxg6 fxg6 25. Rh3 Qxf2 26. Reh1 Qf6 27.
Nxg6 1-0

[Event "FRA T.IV"]
[Site "Toulouse"]
[Date "2005.01.09"]
[Round "?"]
[White "Martinez, Loic"]
[Black "Forest, Eric"]
[Result "1-0"]
[WhiteElo "1910"]
[BlackElo "1800"]
[PlyCount "53"]
[EventDate "2005.??.??"]
[EventType "team-match"]
[EventCountry "FRA"]

1. e4 c5 2. Nf3 Nc6 3. d4 cxd4 4. Nxd4 Nf6 5. Nc3 Qa5 6. Nb3 Qd8 7. Be3 g6 8.
Be2 Bg7 9. Qd2 O-O 10. Bh6 Ne8 11. O-O-O d6 12. h4 Ne5 13. Rh2 f5 14. h5 Rf7
15. Bxg7 Rxg7 16. f4 Ng4 17. Bxg4 fxg4 18. hxg6 Rxg6 19. f5 Rg7 20. Rdh1 e5 21.
Nd5 Bd7 22. Rh6 Bc6 23. f6 Rf7 24. Qg5+ Kh8 25. Qg6 Bxd5 26. Rxh7+ Rxh7 27.
Qxh7# 1-0

[Event "FRA T.IV"]
[Site "Toulouse"]
[Date "2005.02.06"]
[Round "?"]
[White "Marty, Damien"]
[Black "Lafuma, Antoine"]
[Result "1-0"]
[WhiteElo "1980"]
[BlackElo "1830"]
[PlyCount "57"]
[EventDate "2005.??.??"]
[EventType "team-match"]
[EventCountry "FRA"]

1. e4 c5 2. b3 Nc6 3. Nf3 d6 4. Bb2 Nf6 5. Nc3 e6 6. Bb5 Bd7 7. Qe2 Be7 8. e5
dxe5 9. Bxc6 Bxc6 10. Nxe5 Qc7 11. Nb5 Qb6 12. a4 a6 13. Na3 O-O 14. f3 Rfd8
15. Nec4 Qc7 16. Be5 Qd7 17. Nb6 Qe8 18. c4 Bd6 19. Nxa8 Bxe5 20. Qxe5 Rxa8 21.
Qxc5 Rd8 22. d4 Qe7 23. Rd1 Ne8 24. O-O Qc7 25. d5 exd5 26. cxd5 Bd7 27. Qxc7
Nxc7 28. Rfe1 Bf5 29. Re7 1-0

[Event "FRA T.IV"]
[Site "Toulouse"]
[Date "2005.02.06"]
[Round "?"]
[White "Masot, Liberto"]
[Black "Alladaye, Rene"]
[Result "1-0"]
[WhiteElo "1830"]
[BlackElo "1740"]
[PlyCount "79"]
[EventDate "2005.??.??"]
[EventType "team-match"]
[EventCountry "FRA"]

1. d4 Nf6 2. Nf3 g6 3. e3 Bg7 4. Bd3 d6 5. Nbd2 O-O 6. Ne4 Nbd7 7. Ng3 e5 8.
O-O Re8 9. e4 h6 10. d5 Nc5 11. Nd2 Nxd3 12. cxd3 c6 13. dxc6 bxc6 14. Nb3 Ba6
15. Re1 Rc8 16. Be3 Qd7 17. f3 c5 18. Ne2 h5 19. Nc3 Rb8 20. Qc2 h4 21. Bg5 h3
22. Bxf6 Bxf6 23. Nd5 Bg7 24. Nd2 hxg2 25. Kxg2 f6 26. Rg1 Kf7 27. Nc4 Rh8 28.
Rh1 Bb7 29. Nde3 Bh6 30. Rag1 Bf4 31. h4 Rh5 32. Qf2 Rbh8 33. Kf1 g5 34. Nf5 d5
35. Ncd6+ Ke6 36. Qxc5 R8h7 37. Nxb7 Qxb7 38. Qd6+ Kf7 39. exd5 gxh4 40. Qe6+
1-0

[Event "FRA T.IV"]
[Site "Toulouse"]
[Date "2005.02.06"]
[Round "?"]
[White "Massery, Renaud"]
[Black "Langlois, Jerome"]
[Result "0-1"]
[WhiteElo "1460"]
[BlackElo "1920"]
[PlyCount "108"]
[EventDate "2005.??.??"]
[EventType "team-match"]
[EventCountry "FRA"]

1. e4 e5 2. Nf3 Nc6 3. Bc4 Bc5 4. c3 d6 5. h3 Nf6 6. d3 O-O 7. Bb3 Be6 8. Bc2
d5 9. Bg5 dxe4 10. Bxf6 Qxf6 11. dxe4 Rad8 12. Qe2 Qg6 13. Rg1 f5 14. Nbd2 f4
15. Bb3 Rd7 16. Bxe6+ Qxe6 17. Qc4 Qxc4 18. Nxc4 Re8 19. Rd1 Rxd1+ 20. Kxd1
Bxf2 21. Rf1 Bc5 22. Ke2 b5 23. Ncd2 Kf7 24. Rd1 h6 25. Nf1 Ke6 26. N1h2 b4 27.
Rd5 Bd6 28. h4 bxc3 29. bxc3 Rb8 30. Rd2 Rb5 31. h5 Na5 32. Kd3 Nb7 33. Re2
Nc5+ 34. Kc2 a5 35. Ne1 a4 36. Nd3 Nd7 37. Ng4 Nf6 38. Ndf2 Nxh5 39. Re1 a3 40.
Rb1 Rxb1 41. Kxb1 Ng3 42. Kc2 Bc5 43. Nxe5 Bxf2 44. Nd3 Be3 45. Kb3 h5 46. Kxa3
Nxe4 47. c4 g5 48. Kb4 g4 49. a4 h4 50. a5 h3 51. gxh3 gxh3 52. a6 h2 53. Nxf4+
Kd7 54. Nd5 Bc5+ 0-1

[Event "FRA T.IV"]
[Site "Toulouse"]
[Date "2005.02.06"]
[Round "?"]
[White "Mauge, Christian"]
[Black "Decorchemont, Julien"]
[Result "0-1"]
[WhiteElo "1690"]
[BlackElo "1610"]
[PlyCount "120"]
[EventDate "2005.??.??"]
[EventType "team-match"]
[EventCountry "FRA"]

1. b4 e6 2. Bb2 Nf6 3. a3 a5 4. c3 Be7 5. g3 c6 6. Bg2 d5 7. e3 Nbd7 8. f4 O-O
9. Qe2 b6 10. Nf3 Ba6 11. Qd1 Qc7 12. Nd4 c5 13. Ne2 c4 14. Nd4 e5 15. Nf5 Rfe8
16. O-O Bf8 17. Qa4 b5 18. Qxa5 Qxa5 19. bxa5 g6 20. Nh4 Nc5 21. Nf3 Nd3 22.
Bc1 e4 23. Nd4 Nd7 24. a4 bxa4 25. Rxa4 N7c5 26. Ra2 Reb8 27. Ba3 Nb3 28. Nc6
Rb7 29. Bxf8 Kxf8 30. Ne5 Nbc1 31. Ra3 Rxb1 32. Nxd3 cxd3 33. c4 Ne2+ 34. Kf2
Rxf1+ 35. Bxf1 Bxc4 36. Ra4 Nc1 37. Bh3 Nb3 38. Ke1 Rxa5 39. Rxa5 Nxa5 40. Bd7
Ke7 41. Ba4 Nb3 42. g4 Nc5 43. Bc6 h6 44. h4 f5 45. gxf5 gxf5 46. h5 Ne6 47.
Ba4 Kd6 48. Kf2 d4 49. Be8 dxe3+ 50. Kxe3 Kc5 51. Bg6 Ng7 52. Kf2 Kb4 53. Ke3
Kb3 54. Kd4 e3 55. Kxe3 Kc2 56. Kd4 Kxd2 57. Kxc4 Ke2 58. Kc3 d2 59. Bf7 d1=Q
60. Bc4+ Ke3 0-1

[Event "FRA T.IV"]
[Site "Toulouse"]
[Date "2005.02.06"]
[Round "?"]
[White "Moiseyev, Vlas"]
[Black "Luneau, Gilles"]
[Result "1-0"]
[WhiteElo "1750"]
[BlackElo "1950"]
[PlyCount "89"]
[EventDate "2005.??.??"]
[EventType "team-match"]
[EventCountry "FRA"]

1. e4 c5 2. Nf3 e6 3. d4 cxd4 4. Nxd4 a6 5. Nc3 b5 6. a3 Bb7 7. Bd3 Qb6 8. Nb3
Qc7 9. O-O Nf6 10. Be3 d6 11. Qe2 Be7 12. f3 O-O 13. Qf2 Nbd7 14. Rac1 Rac8 15.
Rfe1 Rfe8 16. h3 Nc5 17. Nd4 d5 18. exd5 Nxd5 19. Nxd5 Bxd5 20. Qd2 Bd6 21. Be2
Nd7 22. a4 Bc4 23. axb5 axb5 24. Nxb5 Bxb5 25. Bxb5 Red8 26. Bxd7 Rxd7 27. Qe2
Rcd8 28. Red1 Qb8 29. c3 Qb3 30. Kf1 h6 31. Qc2 Qc4+ 32. Qe2 Qb3 33. Rd2 Qa4
34. Rcd1 Qh4 35. Bb6 Ra8 36. Rxd6 Rxd6 37. Rxd6 Qg5 38. Qd1 Qb5+ 39. Kg1 Rf8
40. b4 g6 41. Qd4 Qe2 42. Qf6 Re8 43. Rd7 Rf8 44. Bd4 Qd1+ 45. Kh2 1-0

[Event "FRA T.IV"]
[Site "Toulouse"]
[Date "2005.04.06"]
[Round "?"]
[White "Muratet, Lucas"]
[Black "Bolon, Karelle"]
[Result "0-1"]
[WhiteElo "1450"]
[BlackElo "2042"]
[PlyCount "46"]
[EventDate "2005.??.??"]
[EventType "team-match"]
[EventCountry "FRA"]

1. Nf3 d5 2. d4 Nf6 3. c4 c6 4. Nc3 e6 5. Bg5 dxc4 6. a4 Bb4 7. Qc2 Nbd7 8. e3
b5 9. axb5 cxb5 10. O-O-O Qb6 11. b3 Qa5 12. Na2 Ba3+ 13. Kb1 Bb7 14. Qc3 Be4+
15. Ka1 cxb3 16. Qxb3 a6 17. Bd3 Bd5 18. Qc3 Bb4 19. Qc2 Bc3+ 20. Kb1 Rc8 21.
Rc1 Bxa2+ 22. Qxa2 Qb4+ 23. Kc2 Bb2+ 0-1

[Event "FRA T.IV"]
[Site "Toulouse"]
[Date "2005.01.09"]
[Round "?"]
[White "Nenert, Louis"]
[Black "Buiten, Herman"]
[Result "1/2-1/2"]
[WhiteElo "1790"]
[BlackElo "1620"]
[PlyCount "137"]
[EventDate "2005.??.??"]
[EventType "team-match"]
[EventCountry "FRA"]

1. e4 c5 2. Nf3 Nc6 3. d4 cxd4 4. c3 dxc3 5. Nxc3 d6 6. Bc4 a6 7. Qe2 Bd7 8.
O-O g6 9. Rd1 Bg7 10. Be3 Nf6 11. h3 O-O 12. a4 Qc7 13. Rac1 Qb8 14. Nd5 Nxd5
15. exd5 Ne5 16. Nxe5 Bxe5 17. Bh6 Bg7 18. Bxg7 Kxg7 19. Rd4 Re8 20. Qe3 Qd8
21. Rh4 Rh8 22. Qh6+ Kg8 23. Re1 Qf8 24. Qe3 Bxa4 25. Re4 h5 26. Rxe7 Rb8 27.
f4 Bc2 28. Bd3 Bxd3 29. Qxd3 Qg7 30. R1e6 Rf8 31. Rxd6 Kh7 32. f5 g5 33. f6+
Qg6 34. Qxg6+ Kxg6 35. Rxb7 Rd8 36. Rbb6 a5 37. g4 hxg4 38. hxg4 Rxd6 39. Rxd6
Rh4 40. Ra6 Rxg4+ 41. Kh2 a4 42. Rc6 Rd4 43. Ra6 Kf5 44. Kg3 Rb4 45. d6 Kxf6
46. d7+ Ke7 47. Ra7 f5 48. d8=Q+ Kxd8 49. Ra5 Rf4 50. Ra7 Ke8 51. Rb7 Rd4 52.
Rb5 Rf4 53. Rb7 Kd8 54. Rg7 Rg4+ 55. Kf3 Rf4+ 56. Ke3 Re4+ 57. Kf3 g4+ 58. Kg3
Ke8 59. Rb7 Re3+ 60. Kf4 Rf3+ 61. Ke5 Rb3 62. Ra7 Rb4 63. Kxf5 g3 64. Rg7 Rxb2
65. Rxg3 Rb3 66. Rg7 Rb5+ 67. Ke4 Ra5 68. Kd4 a3 69. Rg1 1/2-1/2

[Event "FRA T.IV"]
[Site "Toulouse"]
[Date "2005.02.06"]
[Round "?"]
[White "Nenert, Louis"]
[Black "Haddab, Roland"]
[Result "1-0"]
[WhiteElo "1780"]
[BlackElo "1650"]
[PlyCount "87"]
[EventDate "2005.??.??"]
[EventType "team-match"]
[EventCountry "FRA"]

1. d4 Nf6 2. e3 e6 3. Bd3 d5 4. Nd2 Bd6 5. f4 c5 6. c3 c4 7. Bc2 Nc6 8. Ngf3
O-O 9. Ne5 Ne7 10. g4 Ne4 11. Nxe4 dxe4 12. Bxe4 f5 13. Bc2 Bxe5 14. fxe5 Nd5
15. O-O Bd7 16. gxf5 exf5 17. Qf3 Bc6 18. e4 Ne7 19. d5 Be8 20. d6 Nc6 21. exf5
Nxe5 22. Qd5+ Nf7 23. Bf4 Qb6+ 24. Rf2 Bc6 25. Qxc4 Kh8 26. Rd1 Rac8 27. Qd3
Qd8 28. Qd4 Bd7 29. Bg3 Ng5 30. Bh4 Bb5 31. f6 Rxf6 32. Rxf6 Qxf6 33. Qxf6 gxf6
34. Kf2 Bd7 35. Bxg5 fxg5 36. Be4 b6 37. Ke3 Kg7 38. Rf1 Re8 39. Kd4 Re6 40.
Bd5 Rxd6 41. Ke5 Rh6 42. Rf7+ Kh8 43. Rf8+ Kg7 44. Rg8# 1-0

[Event "FRA T.IV"]
[Site "Toulouse"]
[Date "2005.03.13"]
[Round "?"]
[White "Nghiem Cong, Luat"]
[Black "Eb Levadoux, Yvan"]
[Result "1-0"]
[WhiteElo "1990"]
[BlackElo "1800"]
[PlyCount "49"]
[EventDate "2005.??.??"]
[EventType "team-match"]
[EventCountry "FRA"]

1. e4 c5 2. Nf3 Nc6 3. d4 cxd4 4. Nxd4 Nf6 5. Nc3 e5 6. Ndb5 d6 7. Bg5 a6 8.
Na3 b5 9. Nd5 Be7 10. Bxf6 Bxf6 11. c3 O-O 12. Nc2 Rb8 13. Bd3 Be6 14. Nce3 Bg5
15. O-O Bxe3 16. Nxe3 d5 17. exd5 Bxd5 18. Nxd5 Qg5 19. Qc2 Rbd8 20. Ne3 Kh8
21. Rfd1 Rfe8 22. Be4 Rc8 23. Bxc6 Rxc6 24. Qf5 Qe7 25. Rd7 1-0